Tình yêu trong thơ Tagore

Rabindranath Tagore – “Người tình của cuộc đời”. “Vườn hoa tình ái” trong thơ Tagore. Phương thức thể hiện tình yêu trong thơ Tagore

Gardado en:
Detalles Bibliográficos
Autor Principal: Lê Thị Hằng
Outros autores: Trần Ái Vân (Hướng dẫn)
Formato: Libro
Idioma:Vietnamese
Publicado: Đà Nẵng Đại học Sư phạm, Đại học Đà Nẵng 2012
Những chủ đề:
Các nhãn: Engadir etiqueta
Sen Etiquetas, Sexa o primeiro en etiquetar este rexistro!
Thư viện lưu trữ: Mạng thư viện Đại học Đà Nẵng
LEADER 01621nam a2200349 4500
001 000017036
003 13447
005 20130129150136.0
008 130129s2012 viesd
041 0 |a vie 
082 |a 891.4  |b LÊ-H 
100 1 |a Lê Thị Hằng 
245 |a Tình yêu trong thơ Tagore  |c Lê Thị Hằng ; Trần Ái Vân hướng dẫn  |k Khóa luận tốt nghiệp 
260 |a Đà Nẵng  |b Đại học Sư phạm, Đại học Đà Nẵng  |c 2012 
300 |a 67 tr.,  |c 29 cm.  |e Đĩa CD 
500 |a Khóa luận tốt nghiệp đại học. Chuyên ngành: Sư phạm Ngữ văn 
504 |a Mục lục đầu trang, tài liệu tham khảo tr. 73 - 74, phụ lục [13 tr.] 
520 |a Rabindranath Tagore – “Người tình của cuộc đời”. “Vườn hoa tình ái” trong thơ Tagore. Phương thức thể hiện tình yêu trong thơ Tagore 
600 1 4 |a Rabindranath Tagore  |b Vua  |c Đinh Tiên Hoàng  |d 1861-1941 
650 0 4 |a Thơ  |a Tình yêu  |v Khóa luận tốt nghiệp  |x Nghiên cứu  |z Ấn độ 
653 |a Khoa Ngữ văn  |a Thơ Ấn Độ 
700 |a Trần Ái Vân  |e Hướng dẫn 
OWN |a LSP 
AVA |a UDN50  |b LSP  |d 891.4 LÊ-H  |e available  |t Error 5001 Not defined in file expand_doc_bib_avail.  |f 1  |g 0  |h N  |i 0  |k 1 
999 |a From the UDN01 
AVA |a UDN50  |b LSP  |d 891.4 LÊ-H  |e available  |t Error 5001 Not defined in file expand_doc_bib_avail.  |f 1  |g 0  |h N  |i 0  |k 1 
TYP |a Monograph 
TYP |a Printed language 
980 |a Mạng thư viện Đại học Đà Nẵng